| 000 | 00458nam a2200181Ia 4500 | ||
|---|---|---|---|
| 001 | 2370 | ||
| 005 | 20260306144802.0 | ||
| 008 | 260306t2015||||xx |||||||||||||| ||spa|| | ||
| 041 | _aESP | ||
| 082 |
_a616.89 _bC12 |
||
| 100 |
_aCaballo, Vicente E. _eAUT |
||
| 245 | 0 |
_aManual de psicología clínica infantil y del adolescente: _btrastornos específicos |
|
| 260 | _c2015 | ||
| 300 |
_a _c |
||
| 650 | _aGEN | ||
| 654 | _aCPS | ||
| 942 |
_cLIB _dJUS _fJUS _2ddc _n |
||
| 999 |
_c2370 _d2370 |
||